The great Arab conquests : (Record no. 1238)

000 -LEADER
fixed length control field 02732nam a22005657a 4500
001 - CONTROL NUMBER
control field 15226816
003 - CONTROL NUMBER IDENTIFIER
control field OSt
005 - DATE AND TIME OF LATEST TRANSACTION
control field 20210426102242.0
008 - FIXED-LENGTH DATA ELEMENTS--GENERAL INFORMATION
fixed length control field 080320s2007 pauabf b 001 0 eng d
010 ## - LIBRARY OF CONGRESS CONTROL NUMBER
LC control number 2008297360
020 ## - INTERNATIONAL STANDARD BOOK NUMBER
International Standard Book Number 9780306815850
020 ## - INTERNATIONAL STANDARD BOOK NUMBER
International Standard Book Number 0306815850
035 ## - SYSTEM CONTROL NUMBER
System control number (OCoLC)ocn154699030
040 ## - CATALOGING SOURCE
Original cataloging agency BTCTA
Transcribing agency BTCTA
Modifying agency BAKER
-- WIQ
-- NSB
-- YDXCP
-- NSB
-- WRO
-- SUC
-- OCLCQ
-- NLGGC
-- DLC
Language of cataloging eng
041 ## - LANGUAGE CODE
Language code of text/sound track or separate title eng
042 ## - AUTHENTICATION CODE
Authentication code lccopycat
043 ## - GEOGRAPHIC AREA CODE
Geographic area code aw-----
-- ff-----
-- e-sp---
050 00 - LIBRARY OF CONGRESS CALL NUMBER
Classification number DS38.3
Item number .K45 2007
080 ## - UNIVERSAL DECIMAL CLASSIFICATION NUMBER
Universal Decimal Classification number 94
Item number K-33
082 04 - DEWEY DECIMAL CLASSIFICATION NUMBER
Classification number 297.09
Edition number 22
082 04 - DEWEY DECIMAL CLASSIFICATION NUMBER
Classification number 909.0976701
084 ## - OTHER CLASSIFICATION NUMBER
Classification number 15.59
Number source bcl
100 1# - MAIN ENTRY--PERSONAL NAME
Personal name Kennedy, Hugh
Fuller form of name (Hugh N.)
245 14 - TITLE STATEMENT
Title The great Arab conquests :
Remainder of title how the spread of Islam changed the world we live in /
Statement of responsibility, etc. / by: Da Capo Press
250 ## - EDITION STATEMENT
Edition statement 1st Da Capo Press edition
260 ## - PUBLICATION, DISTRIBUTION, ETC.
Place of publication, distribution, etc. Philadelphia, PA
Name of publisher, distributor, etc. Da Capo Press
Date of publication, distribution, etc. c2007.
300 ## - PHYSICAL DESCRIPTION
Extent viii, 421 p., [16] p. of plates
Other physical details ill., maps
Dimensions 24 cm.
365 ## - TRADE PRICE
Price amount 27.95 usd
504 ## - BIBLIOGRAPHY, ETC. NOTE
Bibliography, etc. note Includes bibliographical references and index.
505 0# - FORMATTED CONTENTS NOTE
Formatted contents note Remembrance of things past -- The foundations of conquest -- The conquest of Syria and Palestine -- The conquest of Iraq -- The conquest of Egypt -- The conquest of Iran -- Into the Maghreb -- Crossing the Oxus -- The road to Samarqand -- Furthest east and furthest west -- The war at sea -- Voices of the conquered.
520 ## - SUMMARY, ETC.
Summary, etc. Examines the history of the great Islamic expansion, reveals how the Arab armies were able to overcome almost everything in their path, and brings to light the unique characteristics of Islamic settlement in new lands and the conversion to Islam of vast populations.
650 17 - SUBJECT ADDED ENTRY--TOPICAL TERM
Topical term or geographic name entry element Veroveringen.
Source of heading or term gtt
650 10 - SUBJECT ADDED ENTRY--TOPICAL TERM
Topical term or geographic name entry element History
9 (RLIN) 252
650 17 - SUBJECT ADDED ENTRY--TOPICAL TERM
Topical term or geographic name entry element Islamisering.
Source of heading or term gtt
650 17 - SUBJECT ADDED ENTRY--TOPICAL TERM
Topical term or geographic name entry element Arabieren.
Source of heading or term gtt
650 #7 - SUBJECT ADDED ENTRY--TOPICAL TERM
Topical term or geographic name entry element Islam
General subdivision History.
Source of heading or term sears
651 #0 - SUBJECT ADDED ENTRY--GEOGRAPHIC NAME
Geographic name Islamic Empire
General subdivision History.
651 #0 - SUBJECT ADDED ENTRY--GEOGRAPHIC NAME
Geographic name Islamic Empire
General subdivision Civilization.
651 #0 - SUBJECT ADDED ENTRY--GEOGRAPHIC NAME
Geographic name Islamic Empire
General subdivision Foreign relations.
651 #7 - SUBJECT ADDED ENTRY--GEOGRAPHIC NAME
Geographic name Arabische wereld.
Source of heading or term gtt
651 #7 - SUBJECT ADDED ENTRY--GEOGRAPHIC NAME
Geographic name Islamic Empire
General subdivision History.
Source of heading or term sears
653 ## - INDEX TERM--UNCONTROLLED
Uncontrolled term ისტორია
653 ## - INDEX TERM--UNCONTROLLED
Uncontrolled term ისლამური იმპერია
653 ## - INDEX TERM--UNCONTROLLED
Uncontrolled term არაბული დაპყრობები
856 42 - ELECTRONIC LOCATION AND ACCESS
Materials specified Contributor biographical information
Uniform Resource Identifier <a href="http://www.loc.gov/catdir/enhancements/fy0833/2008297360-b.html">http://www.loc.gov/catdir/enhancements/fy0833/2008297360-b.html</a>
856 42 - ELECTRONIC LOCATION AND ACCESS
Materials specified Publisher description
Uniform Resource Identifier <a href="http://www.loc.gov/catdir/enhancements/fy0833/2008297360-d.html">http://www.loc.gov/catdir/enhancements/fy0833/2008297360-d.html</a>
906 ## - LOCAL DATA ELEMENT F, LDF (RLIN)
a 7
b cbc
c copycat
d 2
e ncip
f 20
g y-gencatlg
942 ## - ADDED ENTRY ELEMENTS (KOHA)
Source of classification or shelving scheme
Koha item type Books
Holdings
Withdrawn status Lost status Source of classification or shelving scheme Damaged status Not for loan Permanent location Current location Date acquired Inventory number Total Checkouts Full call number Barcode Date last seen Price effective from Koha item type
          Ken Walker International University Ken Walker International University 02/08/2021 230   94 K-33 230 02/08/2021 02/08/2021 Books
          Ken Walker International University Ken Walker International University 02/08/2021 209   94 K-33 209 02/08/2021 02/08/2021 Books

Powered by Koha